000 00500nam a22001817a 4500
005 20231121143616.0
008 231121b |||||||| |||| 00| 0 eng d
020 _a0862102421
041 _aEnglish
082 _a342.8 HUM
100 _lEnglish
245 _aHuman Rights are Women's Right
250 _aFirst Edition
260 _aLondon :
_bAmnesty International,
_c1995
300 _b135 pages ;
_c 22 cm.
650 _aLegal practice
_bLaw
942 _cBK
_6ALISON_BN_VRIES
999 _c853
_d853